| 000 | 00489nam a22001337a 4500 | ||
|---|---|---|---|
| 040 | _cSINES. | ||
| 082 |
_a004 _bISM |
||
| 100 |
_ahumaira Ismatullah _995807 |
||
| 245 |
_aPharmacoinformatics Approaches to Design Potential Inhibitors of Inositol 1,4,5 Trisphosphate Receptor (IP3R) in Cancer / _cIsmatullah, Humaira |
||
| 260 |
_aIslamabad: _bSINES-NUST, _c2022. |
||
| 300 |
_a211 p. : _bill. ; _c35cm. |
||
| 650 |
_xPh. D in Computational Science and Engineering. _995808 |
||
| 942 |
_2ddc _cTHE |
||
| 999 |
_c590694 _d590694 |
||